| 000 | 00345nam a22001337a 4500 | ||
|---|---|---|---|
| 020 | _a9788120331907 | ||
| 040 | _cNUST | ||
| 082 | _a620.112 SIN | ||
| 100 |
_aSingh, Arbind Kumar _9112215 |
||
| 245 | _aMechanics of Solids | ||
| 260 |
_aNew Delhi; _bPrentice-Hall of India, _c2007. |
||
| 650 |
_aMechanics of Solids _961426 |
||
| 942 |
_2ddc _cBK |
||
| 999 |
_c594712 _d594712 |
||